| 000 -CABECERA |
| campo de control de longitud fija |
00695nam a2200229 u 4500 |
| 001 - NÚMERO DE CONTROL |
| campo de control |
000055995 |
| 005 - FECHA Y HORA DE LA ÚLTIMA TRANSACCIÓN |
| campo de control |
20200120223211.0 |
| 008 - DATOS DE LONGITUD FIJA--INFORMACIÓN GENERAL |
| campo de control de longitud fija |
130612s1995 ck gr 000 0 spa d |
| 020 ## - NÚMERO INTERNACIONAL ESTÁNDAR DEL LIBRO |
| Número Internacional Estándar del Libro |
9586551903 |
| 041 0# - CÓDIGO DE LENGUA |
| Código de lengua del texto/banda sonora o título independiente |
|spa |
| 043 ## - CÓDIGO DE ÁREA GEOGRÁFICA |
| Código de área geográfica |
s-ck--- |
| 082 04 - NÚMERO DE LA CLASIFICACIÓN DECIMAL DEWEY |
| Número de clasificación |
868.5 |
| Número de documento/Ítem |
G65 |
| Número de edición |
21 |
| 100 1# - ENTRADA PRINCIPAL--NOMBRE DE PERSONA |
| Nombre de persona |
González, Fernando, |
| 245 10 - MENCIÓN DE TÍTULO |
| Título |
Viaje a pie / |
| Mención de responsabilidad, etc. |
Fernando González. |
| 250 ## - MENCIÓN DE EDICIÓN |
| Mención de edición |
6a. ed. |
| 260 ## - PUBLICACIÓN, DISTRIBUCIÓN, ETC. |
| Lugar de publicación, distribución, etc. |
Medellín : |
| Nombre del editor, distribuidor, etc. |
Universidad de Antioquia, |
| Fecha de publicación, distribución, etc. |
1995. |
| 300 ## - DESCRIPCIÓN FÍSICA |
| Extensión |
118 p. : |
| Otras características físicas |
fot. |
| 490 #0 - MENCIÓN DE SERIE |
| Mención de serie |
Señas de identidad |
| 500 ## - NOTA GENERAL |
| Nota general |
Con fotografías tomadas por los viajeros |
| 650 07 - PUNTO DE ACCESO ADICIONAL DE MATERIA--TÉRMINO DE MATERIA |
| Término de materia o nombre geográfico como elemento de entrada |
Literatura colombiana |
| Subdivisión de forma |
Colecciones de escritos. |
| 651 #7 - PUNTO DE ACCESO ADICIONAL DE MATERIA--NOMBRE GEOGRÁFICO |
| Nombre geográfico |
Colombia. |
| Subdivisión general |
Descripciones y viajes. |
| Subdivisión de forma |
Relatos personales. |